| 000 | 00579nam a22002057a 4500 | ||
|---|---|---|---|
| 005 | 20251108164831.0 | ||
| 008 | 250721s9999 xx 000 0 ara d | ||
| 082 | 1 | 4 | _a810.9/مصط |
| 100 | 1 | _aناصف، مصطفى | |
| 245 | 1 | 0 | _aالصورة الأدبية / |
| 264 | 1 |
_aبيروت : _bدار الأندلس، _c[19-]. |
|
| 300 | _a291 ص | ||
| 650 | 1 | 7 | _aالأدب العربي |
| 650 | 1 | 7 | _aالتاريخ الأدبي |
| 650 | 1 | 7 | _aالنقد الأدبي |
| 650 | 1 | 7 | _aاللغة العربية |
| 650 | 1 | 7 | _aالبلاغة |
| 942 |
_2ddc _cBK |
||
| 999 |
_c15467 _d15467 |
||